000 00522nam a2200169 i 4500
001 26534
003 ES-MaACL
005 20250824063028.0
007 t|
008 030109s1942 sp ||||1| spa d
100 1 _aAunós Pérez, Eduardo,
_d1894-1967
_923920
245 1 0 _aHistoria de las ciudades /
_cEduardo Aunós Pérez.
260 _aMadrid :
_bEditora Nacional,
_c1942 (
_fDiana Artes Gráficas)
300 _a318 p., 42 lám. ;
_c25 cm.
852 _aES-MaACL
_jC-4026
_bR.23219
999 _c26534
_d26534